Mot mystérieux - Série 10 - Statistiques

Statistiques générales
  • Ce quiz a été pris 177 fois
  • Le résultat moyen est 8 sur 10
Statistiques - réponses
Indices Mot % Correct
Cigare - Doigt - Fiançailles- Alliance Bague
99%
Bresse - Cordon - Peur - Ciel Bleu
92%
Arc - Etoile - Septième - Paradis Ciel
91%
Peau - Petale - Bleue - Lys Fleur
88%
Cran - Boucle - Chasteté - Obi Ceinture
86%
Album - Lettre - Poste - Fiscal Timbre
84%
Soldat - Balle - Pompe - Chasse Fusil
68%
Papier - Aviron - Barque - Pagaie Rame
63%
Musique - Coucher - Air - Robe Chambre
46%
Cuisine - Orchestre - Charge - Voiture Batterie
44%
Aucun quiz correspondant
Distribution des résultats
% des personnes avec chaque résultat
Percentile par nombre de réponses
Votre historique - résultats
Vous n’avez pas pris ce quiz